[Event "IECG QE.2003.0.00057"]
[Site "IECG email"]
[Date "2003.11.22"]
[Round "?"]
[White "Wardle, Christopher"]
[Black "Ringbom, Pasi"]
[Result "1-0"]
[WhiteElo "1272"]
[BlackElo "1252"]
[PlyCount "27"]
[EventDate "2003.11.22"]
[EventType "tourn (corr)"]
[EventRounds "6"]
[SourceTitle "Corr 2024"]
[Source "ChessBase"]
[SourceDate "2023.10.19"]
[SourceVersion "1"]
[SourceVersionDate "2023.10.19"]
[SourceQuality "1"]

1. e4 b6 2. d4 Bb7 3. Nc3 e6 4. Bd3 Nf6 5. a3 c5 6. e5 Bxg2 7. exf6 Qxf6 8. Nb5 Qd8 9. Bf4 d6 10. Qh5 Bxh1 11. dxc5 g6 12. Bxg6 Qf6 13. Nc7+ Kd8 14. Bg5 1-0